00223nam a2200097Ia 4500008004100000041000800041082000800049100001800057245002400075260002600099231212s1977 xx 000 0 und d aeng a546 aEpifanow G.I. aSolid State Physics aMascowbMir Pubc1977